| 000 | 00716nam a2200229Ia 4500 | ||
|---|---|---|---|
| 001 | 15844 | ||
| 003 | GE_BSU | ||
| 008 | 181216s||||||||xx |||||||||||||| ||und|| | ||
| 040 | _cGE_BSU | ||
| 080 | _a821.353.1-1 | ||
| 100 | _aხურცილავა, მურმან | ||
| 245 | _aსახლი შუაგულ ტყეში | ||
| 245 | _bლექსები | ||
| 245 | _cრედ.მ.ქოიავა. მხატვ.თ.კოხრეიძე | ||
| 260 | _aთბილისი | ||
| 260 | _bმერანი | ||
| 260 | _c1975 | ||
| 300 | _a60გვ. ; 17სმ. | ||
| 653 | _aლექსები | ||
| 653 | _aსახლი შუაგულ ტყეში | ||
| 942 | _cBK | ||
| 999 |
_c48941 _d48941 |
||